[Event "Pan American-ch U18 33rd"]
[Site "Chicago"]
[Date "2023.08.13"]
[Round "3"]
[White "Guha, Rohit"]
[Black "Guo, Andrew"]
[Result "0-1"]
[WhiteElo "2048"]
[BlackElo "2330"]
[PlyCount "58"]
[EventDate "2023.08.12"]
[EventType "swiss"]
[EventRounds "9"]
[EventCountry "USA"]
[SourceTitle "EXT 2024"]
[Source "ChessBase"]
[SourceDate "2023.10.10"]
[SourceVersion "1"]
[SourceVersionDate "2023.10.10"]
[SourceQuality "1"]

1. d4 Nf6 2. c4 g6 3. Nc3 Bg7 4. e4 d6 5. Nf3 0-0 6. Be2 e5 7. Be3 exd4 8. Nxd4 Re8 9. f3 c6 10. Bf2 d5 11. exd5 cxd5 12. 0-0 Nc6 13. c5 Qe7 14. Bb5 Bd7 15. Bxc6 bxc6 16. b4 Nh5 17. g3 Qg5 18. Qc1 Qe5 19. Qd2 Nf6 20. g4 h5 21. h3 hxg4 22. hxg4 Bxg4 23. Rfe1 Qh5 24. fxg4 Nxg4 25. Bg3 Qh3 26. Bf4 g5 27. Bd6 Ne3 28. Rxe3 Rxe3 29. Nce2 Qg4+ 0-1

[Event "World op 50th"]
[Site "Philadelphia"]
[Date "2022.07.03"]
[Round "7"]
[White "Guha, Rohit"]
[Black "Yanayt, Eugene"]
[Result "1/2-1/2"]
[WhiteElo "2051"]
[BlackElo "2080"]
[PlyCount "49"]
[EventDate "2022.06.30"]
[EventType "swiss"]
[EventRounds "9"]
[EventCountry "USA"]
[SourceTitle "CBM 209 Extra"]
[Source "ChessBase"]
[SourceDate "2022.09.30"]
[SourceVersion "1"]
[SourceVersionDate "2022.09.30"]
[SourceQuality "1"]

1. d4 Nf6 2. c4 g6 3. Nc3 Bg7 4. e4 0-0 5. Nf3 d6 6. Be2 e5 7. Be3 Ng4 8. Bg5 Qe8 9. dxe5 dxe5 10. Nd5 Na6 11. Be7 c6 12. Bxf8 Qxf8 13. Nc3 f5 14. 0-0 Qe7 15. Bd3 Be6 16. Qe2 Bf7 17. a3 Nh6 18. b4 Nc7 19. Rfe1 Re8 20. c5 Ne6 21. Qf1 f4 22. Bc4 g5 23. Rac1 g4 24. Bxe6 Bxe6 25. Nd2 1/2-1/2